000 01360nam a2200361 a 4500
001 ebr10297954
003 CaPaEBR
006 m u
007 cr cn|||||||||
008 011108s2002 enka sb 001 0 eng d
010 _z 2001057388
020 _z0471899135 (cloth : alk. paper)
020 _z0471899143 (pbk. : alk. paper)
020 _z9780471899143
020 _z9780470511312
040 _aCaPaEBR
_cCaPaEBR
035 _a(OCoLC)608624230
050 1 4 _aTP159.C46
_bE44 2002eb
082 0 4 _a660/.283
_221
100 1 _aEggins, Brian R.
245 1 0 _aChemical sensors and biosensors
_h[electronic resource] /
_cBrian R. Eggins.
260 _aChichester ;
_aHoboken, N.J. :
_bJ. Wiley,
_cc2002.
300 _axxi, 273 p. :
_bill.
490 1 _aAnalytical techniques in the sciences
504 _aIncludes bibliographical references and index.
533 _aElectronic reproduction.
_bPalo Alto, Calif. :
_cebrary,
_d2013.
_nAvailable via World Wide Web.
_nAccess may be limited to ebrary affiliated libraries.
650 0 _aChemical detectors.
650 0 _aBiosensors.
655 7 _aElectronic books.
_2local
710 2 _aebrary, Inc.
830 0 _aAnalytical techniques in the sciences.
856 4 0 _uhttp://site.ebrary.com/lib/rucke/Doc?id=10297954
_zAn electronic book accessible through the World Wide Web; click to view
999 _c64345
_d64345